Judicial interpretation of political theory ; a study in the relation of the courts to the American party system /

Bibliographic Details
Main Author: Bizzell, William Bennett, 1876-1944
Format: Book
Language:English
Published: New York And London : G. P. Putnam's sons, 1914.
Subjects:

MARC

Tag First Indicator Second Indicator Subfields
LEADER 00000cam a2200000 4500
001 in00000060400
005 20151007082601.0
008 730703s1914 eng u
010 |a  14009790  
035 |a (OCoLC)00649592 
035 |9 AAF8100AM 
040 |c KSU  |d TXA  |d UtOrBLW 
049 |a TXAM  |c [2481] 
050 0 0 |a JK1541  |b .B5 
092 |a 320  |b B55 
100 1 |a Bizzell, William Bennett,  |d 1876-1944. 
245 1 0 |a Judicial interpretation of political theory ;  |b a study in the relation of the courts to the American party system /  |c by William Bennett Bizzell. 
264 1 |a New York  |a And London :  |b G. P. Putnam's sons,  |c 1914. 
300 |a v, 273 pages ;  |c 21 cm. 
336 |a text  |b txt  |2 rdacontent 
337 |a unmediated  |b n  |2 rdamedia 
338 |a volume  |b nc  |2 rdacarrier 
500 |a "The contents of this volume consist in the main of a series of lectures delivered at the Illinois college of law in 1910." 
650 0 |a Courts  |z United States. 
999 |a MARS 
999 f f |s 637f90ef-2b4a-3bb7-b631-0e48b1d675de  |i 0f5536d2-3791-3bef-b259-e6763b9da1bd  |t 0 
952 f f |p ric  |a Texas A&M University  |b Rellis Campus  |c Joint Library Facility  |d Remote Storage  |t 0  |e JK1541 .B5  |h Library of Congress classification  |i unmediated -- volume  |m A14800656125 
998 f f |a JK1541 .B5  |t 0  |l Remote Storage